Narrowing the Gap Legal English for the New International Legal Practitioner /

Detalles Bibliográficos
Autor principal: Fandl, Kevin J.
Formato: eBook
Lenguaje:inglés
Publicado: Chicago: American Bar Association, 2012
Materias:
Acceso en línea:Acceso restringido

MARC

LEADER 00000nam a22000007a 4500
005 20210224224532.0
007 cr|||| x|||
008 210224s2012 us |||||s|||| 00||0 eng d
020 |a 9781614384373 
035 |a 31237 
040 |a vLex 
090 |c 11263  |d 11263 
100 1 |a Fandl, Kevin J. 
245 1 0 |a Narrowing the Gap  |h [Recurso electrn̤ico] :  |b Legal English for the New International Legal Practitioner /  |c Kevin J. Fandl 
256 |a Servicio en ln̕ea 
260 |a Chicago:  |b American Bar Association,  |c 2012 
300 |a 1 recurso electrn̤ico 
500 |a Develop confidence in the use of terms and concepts that are frequently used in the U.S. legal system with the innovative learning process in this book. 
506 1 |a Disponible solo en los productos indicados  |d vLex Global  |d vLex Global (Academic Edition, excluding Law Schools)  |d vLex Global (Academic Edition, Law Schools) 
650 0 4 |a Derecho Internacional  |z Estados Unidos 
650 0 4 |a Abogados  |z Estados Unidos 
740 0 |a vLex Libros (Servicio en ln̕ea) 
856 4 0 |u http://vlex.com/source/narrowing-the-gap-legal-english-for-the-new-international-legal-practitioner-31237  |z Acceso restringido 
942 |c BOOK 
999 0 |a International Law 
999 0 |a Lawyers